Caricamento...
Windows Nt 4 Server: Unleashed
| Autore principale: | |
|---|---|
| Natura: | Printed Book |
| Pubblicazione: |
Macmillan Computer
2000
|
| LEADER | 00454nam a2200133 4500 | ||
|---|---|---|---|
| 020 | |a 0-672-31002-3 | ||
| 082 | |a 005.432 WIN NT | ||
| 100 | |a Garms, Jason | ||
| 245 | |a Windows Nt 4 Server: Unleashed |c Jason Garms |h [Text] | ||
| 260 | |b Macmillan Computer |c 2000 | ||
| 300 | |a Project report | ||
| 942 | |c BK | ||
| 999 | |c 82032 |d 82032 | ||
| 952 | |0 0 |1 0 |4 0 |6 005_432000000000000_WIN_NT |7 0 |9 74174 |a SOCS |b SOCS |d 2015-06-11 |g 69.99 |l 0 |o 005.432 WIN NT |p SOCS1401 |r 2015-06-11 |w 2015-06-11 |y BK | ||